| 000 | 004350000a22001690004500 | ||
|---|---|---|---|
| 003 | MACL | ||
| 005 | 20160113155940.0 | ||
| 008 | 160113b xxu||||| |||| 00| 0 eng d | ||
| 040 |
_aMACL _cMACL |
||
| 041 | _aEnglish | ||
| 082 | _a942/TRE | ||
| 100 |
_aTrevelyan, George Macaulay _931936 |
||
| 245 | _aA Shortened History of England | ||
| 260 |
_bPenguin Books _c1959 _aBritain |
||
| 650 |
_aHistory _931937 |
||
| 942 |
_cBK _k942/TRE _2ddc |
||
| 999 |
_c35796 _d35796 |
||